000 04144nab a2200361 i 4500
003 BR-BrBNA
005 20241021104640.0
008 241021b2019 bl.|r|pooa||| 00| 0 por |
040 _aBR-BrBNA
_bpor
072 _aL70
_b8890
100 _aDias, P.A.
100 _aMoraes, T.P.
100 _a Wilsmann, D.E.
100 _aFerrasso, M.M.
100 _aMarinheiro, M.F.
100 _aHeinen, J.G.
100 _aCalabuig, C.I.P.
100 _aTimm, C.D.
245 _aOcorrência de Campylobacter e Enterobacteriaceae em aves silvestres e frangos de corte
500 _aPublicação online; 29 ref.; Summaries; Summaries (En, Pt)
520 _a RESUMO - As aves silvestres podem ser reservatório de bactérias patogênicas e atuar como veiculadoras desses microrganismos para o ambiente, os animais domésticos e o homem. Portanto, o objetivo deste trabalho foi verificar a ocorrência de Campylobacter spp., Yersinia enterocolitica e Salmonella enterica em aves silvestres capturadas nas áreas próximas de aviários e em frangos de corte alojados nesses estabelecimentos, além de verificar a presença dos genes cdtA, cdtB e cdtC nos isolados de Campylobacter e identificar os sorotipos de Salmonella encontrados. Amostras de fezes de 189 aves silvestres capturadas com redes de neblina nas áreas próximas de 10 aviários e de 200 frangos de corte foram processadas para pesquisa de Campylobacter spp., S. enterica e Y. enterocolitica. Duas espécies de aves silvestres, Sicalis flaveola (canário-da-terra) e Zonotrichia capensis (tico-tico), foram positivas para Salmonella e Campylobacter, respectivamente. Foram isolados Campylobacter spp., S. enterica e Y. enterocolitica de frangos. Todos os isolados de Campylobacter analisados apresentaram os genes cdt. Em dois aviários, Campylobacter foi isolado tanto de frangos como de aves silvestres, entretanto a contaminação mútua entre essas aves não foi comprovada. Este foi o primeiro relato de isolamento de Campylobacter de Z. capensis e de Salmonella do sorotipo Derby de S. flaveola. Palavras-chave: Campylobacter, Salmonella, Zonotrichia capensis, Sicalis flaveola
520 _a ASTRACT - Wild birds can be reservoirs of pathogenic bacteria and act as carriers of these microorganisms to the environment, domestic animals, and humans. Therefore, this study had as objective to verify the occurrence of Campylobacter spp., Yersinia enterocolitica and Salmonella enterica in wild birds captured in the surroundings of the aviaries and in the broilers housed in these establishments. The presence of the cdtA, cdtB and cdtC genes in Campylobacter isolates was also investigated and Salmonella serotypes were identified. Stool samples from 189 wild birds captured with mist nets in around 10 aviaries and from 200 broilers were processed for Campylobacter spp., S. enterica and Y. enterocolitica research. Two species of wild birds, Sicalis flaveola (Saffron Finch) and Zonotrichia capensis (Rufous-collared Sparrow) were positive for Salmonella and Campylobacter, respectively. Campylobacter spp., S. enterica and Y. enterocolitica were isolated from broilers. The cdt genes were found in all Campylobacter isolates. In two aviaries, Campylobacter was isolated from both broilers and wild birds, however the mutual contamination among these birds has not been shown. This was the first report of Campylobacter isolation from Z. capensis and of Derby Salmonella serotype isolation from S. flaveola. Keywords: Campylobacter, Salmonella, Zonotrichia capensis, Sicalis flaveola
650 _aAVE SELVAGEM
650 _aMICRORGANISMO
650 _aCONTAMINAÇÃO
650 _aBACTÉRIA
650 _aSANIDADE ANIMAL
650 _aVETERINÁRIA
773 0 _01643
_9345321
_dBelo Horizonte-MG Universidade Federal de Minas Gerais - Escola de Veterinaria 1983
_o2024-5846
_tArquivo Brasileiro de Medicina Veterinária e Zootecnia (Brazil)
_x0102-0935
_gv. 71(1) p. 225-231; (2019)
_wBR2024002919
856 _uhttps://www.scielo.br/j/abmvz/a/SLdBM6jSMfQ9ZjVRpTY6kMf/?format=pdf&lang=pt
942 _cANA
999 _c328204
_d328204